Die besten öffentlichen Verkehrsmittel (ÖPNV) der Welt - Statistiken

Allgemein
  • Dieses Quiz wurde 122 mal gespielt
  • Das Durchschnittsergebnis liegt bei 12 aus 19
Antwortstatistiken
Hint Antwort % Korrekt
Europa 97% Berlin
97%
Europa 91% London
94%
Europa 84% Paris
94%
Nord Amerika 83% New York
91%
Asien 94% Tokio
87%
Asien 81% Peking
82%
Europa 91% Amsterdam
78%
Europa 89% Madrid
78%
Europa 93% Stockholm
77%
Europa 93% Kopenhagen
74%
Asien 91% Shanghai
63%
Europa 96% Prag
61%
Asien 92% Singapur
57%
Nord Amerika 82% Chicago
56%
Asien 92% Hong Kong
52%
Asien 92% Taipeh
26%
Nord Amerika 83% Montreal
21%
Asien 81% Mumbai
21%
Europa 88% Edinburgh
7%
Keine übereinstimmenden Quizze gefunden
Verteilung der Resultate
Anzahl Personen mit jedem Resultat
Perzentil nach korrekt beantworteten Fragen
Ihre Resultats-Entwicklung
Sie haben dieses Quiz noch nicht gespielt